| 000 | 01936nam a2200433 i 4500 | ||
|---|---|---|---|
| 003 | DO-SdBNP | ||
| 005 | 20240425130257.0 | ||
| 007 | ta | ||
| 008 | 240425s2023 dr ac 000 0 spa d | ||
| 020 | _a9789945270105 | ||
| 040 |
_aDO-SdBNP _bspa _cBNPHU _erda |
||
| 082 |
_222 _bC569s |
||
| 245 | 0 | 0 |
_aCiencias sociales 1 : _beducación básica. / _cdirección editorial Anna Rogero Soler, Denise Pineda Martínez : fotografías Katy León, Ministerio de Medio Ambiente, Silverio Vidal, Freddy Marzan, Nilda Salcedo, Xiomara Pérez, Francisco Rodríguez, Senado de la República Dominicana, Ministerio de turísmo : ilustraciones Montserrat Ubach, Moro Studio, Wi-Hen Fung, Alvaro Gómez Blumenthal. |
| 264 | 1 |
_aSanto Domingo, : _bSM, _c2023. |
|
| 300 |
_a143 páginas _bilustraciones, retratos _c28 cm. |
||
| 336 |
_2rdacontent _atexto _btxt |
||
| 337 |
_2rdamedia _asin mediación _bn |
||
| 338 |
_2rdacarrier _avolumen _bnc |
||
| 490 | 1 |
_aSer y saber _v1 |
|
| 500 | _aEducación básica | ||
| 590 | _aInventariado, 2024/ YL | ||
| 700 | 1 |
_aRogero Soler, Anna _edirección _930656 |
|
| 700 | 1 |
_aPineda Martínez, Denise _edirección _929220 |
|
| 700 | 1 |
_aLeón, Katy _efotografías _985314 |
|
| 700 | 1 |
_aVidal, Silverio _efotografías _969593 |
|
| 700 | 1 |
_aMarzan, Freddy _efotografías _985315 |
|
| 700 | 1 |
_aSalcedo, Nilda _efotografías _985316 |
|
| 700 | 1 |
_aPérez, Xiomara _efotografías _985317 |
|
| 700 | 1 |
_aRodríguez, Francisco _efotografías _985318 |
|
| 700 | 1 |
_aUbach, Montserrat _eilustraciones _923171 |
|
| 700 | 1 |
_aGómez Blumenthal. Álvaro _eilustraciones _985319 |
|
| 700 | 1 |
_aFung, Wi-Hen _eilustraciones _973248 |
|
| 710 |
_aMinisterio de Medio Ambiente _efotografías _985320 |
||
| 710 |
_aSenado de la República Dominicana, _efotografías _985321 |
||
| 710 |
_aMinisterio de Turismo _efotografías _985322 |
||
| 710 |
_aMoro Studio _eilustraciones _985323 |
||
| 910 | _aYLockward | ||
| 942 |
_2ddc _cLBS1 |
||
| 999 |
_c56512 _d56512 |
||